Le Centre-Val de Loire par images - Statistiques

Statistiques générales
  • Ce quiz a été pris 249 fois
  • Le résultat moyen est 9 sur 15
Statistiques - réponses
Par images Hint Réponse % Correct
Capitale régionale Orléans
96%
Zoo Zoo de Beauval
92%
Château Château de {Chambord}
91%
Pucelle d'[ville précédente] Jeanne d'Arc
90%
Acteur Gérard Depardieu
87%
Charcuterie Rillette de Tours
77%
Écrivain Honoré de Balzac
58%
Philosophe / Scientifique René Descartes
58%
Dessert Tarte Tatin
58%
Artiste / Scientifique Léonard de Vinci
50%
Roi sacré à Chartres Henri IV
40%
Province historique Berry
36%
Place Place Plumereau
28%
Ville Chinon
21%
Château Château de {Maintenon}
10%
Aucun quiz correspondant
Distribution des résultats
% des personnes avec chaque résultat
Percentile par nombre de réponses
Votre historique - résultats
Vous n’avez pas pris ce quiz